Analýza možností riešenia rybovodu na vodnej stavbe podľa platnej legislatívy

Saved in:
Bibliographic Details
Main Author: Vidová, Alexandra (Author)
Other Authors: Čubanová, Lea (Thesis advisor)
Format: Manuscript Book
Language:Slovak
Published: 2021
Subjects:
Online Access:http://is.stuba.sk/zp/portal_zp.pl?podrobnosti=149748
https://opac.crzp.sk/?fn=detailBiblioForm&sid=C3156EBF8AB965AD2F24DAC699AC
Tags: Add Tag
No Tags, Be the first to tag this record!

MARC

LEADER 00000ntm a22000003a 4500
001 stuzp83927
003 SK-STU
005 20230516091717.6
007 ta
008 150427s2015----xo-----f-mn---000-0-slo-d
040 |a STU  |b slo 
041 0 |a slo 
100 1 |a Vidová, Alexandra  |u 010170  |4 aut  |U SvF Stavebná fakulta  |T SvF Katedra hydrotechniky  |X 98131  |U V170  |Y 17  |7 98131 
242 0 1 |a Analysis of possible solutions of fish pass on the hydraulic structure in accordance with valid legislation  |y eng 
245 1 0 |a Analýza možností riešenia rybovodu na vodnej stavbe podľa platnej legislatívy 
260 |c 2021 
650 4 |a ichtyologický prieskum  |2 slo 
650 4 |a rybie pásmo  |2 slo 
650 4 |a rýchlosť  |2 slo 
650 4 |a hĺbka  |2 slo 
650 4 |a prietok  |2 slo 
650 4 |a HEC-RAS  |2 slo 
650 4 |a rybí priechod  |2 slo 
650 4 |a fish pass  |2 eng 
650 4 |a fish region  |2 eng 
650 4 |a velocity  |2 eng 
650 4 |a depth  |2 eng 
650 4 |a discharge  |2 eng 
650 4 |a HEC-RAS software  |2 eng 
650 4 |a ichthyological research  |2 eng 
700 1 |a Čubanová, Lea  |u 010170  |k Z1  |4 ths  |U SvF Stavebná fakulta  |T SvF Katedra hydrotechniky  |X 38291  |U V170  |Y 17  |7 A000038291 
856 4 |u http://is.stuba.sk/zp/portal_zp.pl?podrobnosti=149748 
856 4 |u https://opac.crzp.sk/?fn=detailBiblioForm&sid=C3156EBF8AB965AD2F24DAC699AC